| 000 | 00711nam a2200253 a 4500 | ||
|---|---|---|---|
| 999 |
_c8401 _d8401 |
||
| 001 | 8401 | ||
| 003 | BD-JhCC | ||
| 005 | 20180222180138.0 | ||
| 008 | 180222s1994 ii a|||| |||| 001 0 eng d | ||
| 020 | _a8121904137 | ||
| 035 | _a(BD-JhCC)8401 | ||
| 040 |
_aBD-JhCC _dBD-JhCC |
||
| 041 | _aeng | ||
| 082 |
_a539.705 _bGHO 1994 |
||
| 100 | _aGhoshal, S. N. | ||
| 245 |
_aNuclear Physics : _bFor Undergraduate and Postgraduate Students of Indian Universities / _cS. N. Ghoshal, |
||
| 250 | _a1st Edi. | ||
| 260 |
_aNew Delhi : _bS. Chanda & Company Ltd. _c1994. |
||
| 300 |
_axvi, 1055 p. : _bill. , _c21 cm. |
||
| 504 | _aIncluding Index. | ||
| 650 | _aNuclear Physics | ||
| 942 |
_2ddc _cBK |
||